Chemistry for Nurses (Record no. 151594)
[ view plain ]
| 000 -LEADER | |
|---|---|
| fixed length control field | 00319nam a2200121Ia 4500 |
| 008 - FIXED-LENGTH DATA ELEMENTS--GENERAL INFORMATION | |
| fixed length control field | 230411s9999 xx 000 0 und d |
| 041 ## - LANGUAGE CODE | |
| Language code of text/sound track or separate title | eng |
| 082 ## - DEWEY DECIMAL CLASSIFICATION NUMBER | |
| Classification number | B/612.015/INA/B00070 |
| 100 ## - MAIN ENTRY--PERSONAL NAME | |
| Personal name | Inamdar Madhuri |
| 245 ## - TITLE STATEMENT | |
| Title | Chemistry for Nurses |
| 260 ## - PUBLICATION, DISTRIBUTION, ETC. (IMPRINT) | |
| Name of publisher, distributor, etc. | Vora Medical Publications |
| Place of publication, distribution, etc. | Mumbai |
| Date of publication, distribution, etc. | 2001 |
| Withdrawn status | Lost status | Damaged status | Not for loan | Collection code | Home library | Current library | Date acquired | Vendor | Cost, normal purchase price | Total Checkouts | Full call number | Barcode | Date last seen | Cost, replacement price | Bill Date | Koha item type | Original Barcode |
|---|---|---|---|---|---|---|---|---|---|---|---|---|---|---|---|---|---|
| Smt. Bakul Tambat Institute of Nursing Education | Smt. Bakul Tambat Institute of Nursing Education | 21/07/2000 | S.K.Kothari,Pune. | 40.00 | B 612.015 INA B00070 | BTIN-BK-70 | 11/04/2023 | 40.00 | 24/02/2005 | Books | B00070 |